01345cam a22003737a 4500003000500000005001700005008004100022010000900063011000900072035000900081040000900090090001000099100003900109245008300148260004000231300002000271502006900291590003700360590004100397590004100438590004100479590004100520590004100561590004200602650002800644650003400672650002500706650004000731901000700771942001000778949004100788999001500829952012700844CHAP20220329133005.0971013s1990 r 00010 d a1010 a1982 a1167 cCHAP aTesis00aLópez Yáñez, Leticia.968437 0aCercos vivos en zonas áridasb: agrosilvicultura en el desierto Chihuahuense aChapingo, Méx. :bEl autor,c1990 a194 h.b: ilus. aTesis (Ing. Forestal) -- UACH. División de Ciencias Forestales aALEPHb10c20130110lUCH01h1207 aBATCH-UPDb10c20130110lUCH01h0019 aBATCH-UPDb10c20130110lUCH01h1730 aBATCH-UPDb10c20130409lUCH01h1958 aBATCH-UPDb10c20130410lUCH01h1112 aBATCH-UPDb10c20130913lUCH01h2203 aCONVERSIONb10c20130109lUCH01h130214aAgroforestería.9215614aBotánicaxChihuahua.91451314aCercos vivos.92135114aDesierto de Chihuahua, Chih.932139 aBK cTESIS bBCcTESd-10631eTS1h23164i1167si c1010d1010 00102local4051708TESISaBCbBCcPA_TESISd2019-12-31fTESISl0oTesisp-10631r2019-12-31 00:00:00w2019-12-31yTESIS